[Event "7th Cattolica Open-A 2020"]
[Site "Cattolica"]
[Date "2020.09.07"]
[Round "8.7"]
[White "Degraeve, Jean-Marc"]
[Black "Carlo, Emanuele"]
[Result "1-0"]
[WhiteElo "2530"]
[BlackElo "2280"]
[Annotator "TA"]
[PlyCount "109"]
[EventDate "2020.08.31"]
[EventType "swiss"]
[EventCountry "ITA"]
[SourceTitle "playchess.com"]
[Source "ChessBase"]
[SourceQuality "1"]

{[%evp 15,109,21,35,0,0,0,26,9,22,22,18,14,24,22,37,37,59,63,82,68,87,65,105,0,62,61,57,0,0,0,0,0,0,0,0,-31,-41,-44,-45,-44,-46,-56,-50,-53,-45,-118,-110,-89,-96,-102,2,0,28,0,101,108,91,90,114,69,156,169,151,138,190,190,232,230,257,241,264,256,452,369,1591,1561,1489,1499,1239,836,29965,29966,29966,29967,29967,29968,29967,29969,29968,29969,29969,29970,29966,29946,6079,5552]} 1. e4 e5 2. Nf3 Nc6 3. Bc4 Bc5 4. O-O Nf6 5. d3 O-O 6. Nbd2 d6 7. c3 a6 8. Bb3 Be6 9. Bc2 {C54: Giuoco Piano: 4 c3 Nf6, main lines with 5 d4 and 5 d3.} Ba7 10. h3 Ne7 11. Re1 {White has an edge.} Ng6 12. d4 h6 13. Nf1 Re8 14. Ng3 c6 15. Be3 Qc7 16. Qd2 Rad8 17. Rad1 {[#]} Bb6 $146 ({Predecessor:} 17... b5 18. b3 Bb6 19. Qc1 Bc8 20. Bd3 c5 21. d5 Ba5 22. Qb2 Bd7 23. Rc1 Rb8 {½-½ (58) Anand,V (2779)-Nakamura,H (2779) Saint Louis 2016}) 18. a3 (18. Nf5 {seems wilder.} Bxf5 19. exf5 Nf4 20. Bxf4 exf4 21. Qxf4 Rxe1+ 22. Rxe1 Re8 23. Rxe8+ Nxe8 24. g4) 18... d5 19. Bxh6 (19. Nxe5 $1 $16 Nxe5 20. Bf4 {[%mdl 64] Pin}) 19... Nxe4 (19... exd4 $11 20. Bxg7 Kxg7) 20. Bxe4 $14 dxe4 {[#]} 21. Bxg7 $1 {[%mdl 512]} Kxg7 $11 ({Not} 21... exf3 $2 22. Qh6 $18) 22. Nh5+ Kf8 23. Rxe4 Bd5 24. Qh6+ Ke7 25. Qg5+ (25. Rxe5+ $5 Nxe5 26. Nxe5 $11) 25... Kd7 $1 26. Nf6+ {[%mdl 64] Double Attack} ({Avoid the trap} 26. dxe5 $2 Kc8 $19) 26... Kc8 27. Nxe8 Rxe8 28. Re3 {[%cal Rf3e5]} Rg8 29. Nxe5 Ne7 30. Qf6 (30. Qh5 $15 Rxg2+ 31. Kf1) 30... Rxg2+ $17 31. Kf1 Rg8 32. Rg3 {[#]} Rxg3 ({Better is} 32... Rf8 $1 $17) 33. fxg3 $11 Kb8 34. Re1 $36 {[%mdl 2048] Black must now prevent Qxe7! White is more active.} Be6 (34... Ng8 $11 {keeps the balance.} 35. Qf4 Ka8) 35. Nxf7 $16 Bxh3+ 36. Kf2 Nd5 37. Qd6 Ka7 (37... Qxd6 $14 38. Nxd6 c5) 38. Qxc7 Bxc7 39. Kf3 Nf6 (39... Bf5 $16 40. g4 Bc2) 40. Ne5 $18 Bc8 41. g4 Bxe5 42. dxe5 Nxg4 {[#]} 43. Re4 $1 {[%cal Re4g4]} Nxe5+ $2 (43... Nh6 44. e6 Nf5) 44. Rxe5 {[%mdl 4096] Endgame KR-KB} b5 $2 (44... Kb6 45. b4 Kc7) 45. Ke3 Kb6 46. Kd4 a5 47. b4 axb4 48. axb4 Bh3 49. Rh5 Bg2 50. Rh6 Bf3 51. Ke5 Bg2 52. Kd6 Bf3 53. Rh8 Kb7 54. Kc5 Be4 55. Rg8 {Accuracy: White = 77%, Black = 58%.} 1-0

[Event "7th Cattolica Open-A 2020"]
[Site "Cattolica"]
[Date "2020.09.07"]
[Round "8.8"]
[White "Kasioumis, Vasilios"]
[Black "Solomon, Kenny"]
[Result "1/2-1/2"]
[WhiteElo "2356"]
[BlackElo "2352"]
[Annotator "ChessBase"]
[PlyCount "115"]
[EventDate "2020.08.31"]
[EventType "swiss"]
[EventCountry "ITA"]
[SourceTitle "playchess.com"]
[Source "ChessBase"]
[SourceQuality "1"]
[TimeControl "5400+30"]

1. e4 {[%emt 0:00:00]} c5 {[%emt 0:07:20]} 2. Nf3 {[%emt 0:00:00]} d6 {[%emt 0:00:06]} 3. d4 {[%emt 0:00:00]} cxd4 {[%emt 0:00:05]} 4. Nxd4 {[%emt 0:00:00]} Nf6 {[%emt 0:00:05]} 5. Nc3 {[%emt 0:00:00]} a6 {[%emt 0:00:05]} 6. h3 {[%emt 0:00:00]} e5 {[%emt 0:00:05]} 7. Nde2 {[%emt 0:00:00]} h5 {[%emt 0:00:06]} 8. g3 {[%emt 0:00:13]} Be6 {[%emt 0:00:04]} 9. Bg2 {[%emt 0:00:15]} b5 {[%emt 0:00:05]} 10. Be3 {[%emt 0:07:00]} Nbd7 {[%emt 0:03:40]} 11. a4 {[%emt 0:05:23]} b4 {[%emt 0:00:17]} 12. Nd5 {[%emt 0:00:05]} Nxd5 {[%emt 0:00:17]} 13. exd5 {[%emt 0:00:06]} Bf5 {[%emt 0:00:06]} 14. O-O {[%emt 0:05:42]} Rc8 {[%emt 0:04:32]} 15. c3 {[%emt 0:00:21]} bxc3 {[%emt 0:00:33]} 16. Nxc3 {[%emt 0:00:06]} Be7 {[%emt 0:18:08]} 17. Qe2 {[%emt 0:12:42]} Qa5 {[%emt 0:14:13]} 18. f4 {[%emt 0:14:52]} Nc5 {[%emt 0:01:39]} 19. Bxc5 {[%emt 0:03:00]} Qxc5+ {[%emt 0:01:03]} 20. Kh2 {[%emt 0:00:11]} exf4 {[%emt 0:21:16]} 21. Rxf4 {[%emt 0:04:09]} Bg6 {[%emt 0:04:16]} 22. Ne4 {[%emt 0:17:22]} Qc7 {[%emt 0:03:45]} 23. Qxa6 {[%emt 0:02:06]} O-O {[%emt 0:00:05]} 24. Nc3 {[%emt 0:03:31]} Bg5 {[%emt 0:03:02]} 25. Rb4 {[%emt 0:01:55]} h4 {[%emt 0:04:21]} 26. gxh4 {[%emt 0:00:34]} Bf6 {[%emt 0:01:28]} 27. Qb6 {[%emt 0:05:37]} Qe7 {[%emt 0:00:19]} 28. Qf2 {[%emt 0:00:25]} Rfe8 {[%emt 0:07:01]} 29. a5 {[%emt 0:01:06]} Rxc3 {[%emt 0:01:20]} 30. bxc3 {[%emt 0:00:51]} Bxc3 {[%emt 0:00:01]} 31. Raa4 {[%emt 0:01:01]} Be1 {[%emt 0:01:19]} 32. Qf4 {[%emt 0:02:00]} Qe2 {[%emt 0:02:40]} 33. Rd4 {[%emt 0:03:27]} Bc3 {[%emt 0:01:35]} 34. Qxd6 {[%emt 0:02:45]} Qb2 {[%emt 0:01:25]} 35. Rab4 {[%emt 0:01:28]} Qf2 {[%emt 0:00:11]} 36. Qf4 {[%emt 0:01:30]} Qa2 {[%emt 0:00:01]} 37. d6 {[%emt 0:02:26]} Re2 {[%emt 0:00:39]} 38. Qf3 {[%emt 0:00:30]} Rf2 {[%emt 0:01:11]} 39. Qg3 {[%emt 0:00:29]} Bxb4 {[%emt 0:00:30]} 40. Rxb4 {[%emt 0:00:27]} Rd2 {[%emt 0:00:07]} 41. h5 {[%emt 0:00:00]} Bxh5 {[%emt 0:00:00]} 42. Qg5 {[%emt 0:00:00]} g6 {[%emt 0:00:00]} 43. Rb8+ {[%emt 0:00:00]} Kh7 {[%emt 0:01:12]} 44. d7 {[%emt 0:00:00]} Bf3 {[%emt 0:00:30]} 45. Qh4+ {[%emt 0:00:00]} Bh5 {[%emt 0:00:05]} 46. Qg3 {[%emt 0:00:33]} Qxa5 {[%emt 0:01:06]} 47. Rb7 {[%emt 0:02:15]} Qf5 {[%emt 0:00:21]} 48. d8=Q {[%emt 0:04:29]} Rxd8 {[%emt 0:00:07]} 49. Qc7 {[%emt 0:00:03]} Rf8 {[%emt 0:01:05]} 50. Ra7 {[%emt 0:02:15]} Kg8 {[%emt 0:00:55]} 51. Ra5 {[%emt 0:00:23]} Qc8 {[%emt 0:00:31]} 52. Qxc8 {[%emt 0:01:29]} Rxc8 {[%emt 0:00:00]} 53. Ra8 {[%emt 0:00:14]} Rxa8 {[%emt 0:00:06]} 54. Bxa8 {[%emt 0:00:05]} Kg7 {[%emt 0:00:04]} 55. Kg3 {[%emt 0:00:04]} Kf6 {[%emt 0:00:07]} 56. Bd5 {[%emt 0:00:34]} g5 {[%emt 0:01:04]} 57. h4 {[%emt 0:00:13]} gxh4+ {[%emt 0:01:01]} 58. Kxh4 {[%emt 0:00:05]} 1/2-1/2

[Event "7th Cattolica Open-A 2020"]
[Site "Cattolica"]
[Date "2020.09.07"]
[Round "8.9"]
[White "Bifulco, Michel"]
[Black "Le Goff, Damien"]
[Result "1/2-1/2"]
[WhiteElo "2251"]
[BlackElo "2281"]
[Annotator "ChessBase"]
[PlyCount "43"]
[EventDate "2020.08.31"]
[EventType "swiss"]
[EventCountry "ITA"]
[SourceTitle "playchess.com"]
[Source "ChessBase"]
[SourceQuality "1"]
[TimeControl "5400+30"]

1. d4 {[%emt 0:00:00]} f5 {[%emt 0:01:20]} 2. c4 {[%emt 0:00:00]} Nf6 {[%emt 0:00:16]} 3. Nc3 {[%emt 0:00:00]} d6 {[%emt 0:00:37]} 4. Bg5 {[%emt 0:00:13]} Nbd7 {[%emt 0:00:46]} 5. Qc2 {[%emt 0:00:13]} g6 {[%emt 0:00:25]} 6. h4 {[%emt 0:00:08]} c6 {[%emt 0:01:27]} 7. O-O-O {[%emt 0:01:43]} Bg7 {[%emt 0:04:26]} 8. Nh3 {[%emt 0:01:47]} Qa5 {[%emt 0:02:12]} 9. Nf4 {[%emt 0:06:46]} Nf8 {[%emt 0:00:20]} 10. h5 {[%emt 0:24:47]} Ne4 11. Nxe4 fxe4 {[%emt 0:05:14]} 12. h6 {[%emt 0:00:43]} Bxd4 {[%emt 0:00:58]} 13. Bxe7 Qxa2 {[%emt 0:00:51]} 14. Rxd4 {[%emt 0:14:49]} Qa1+ {[%emt 0:00:30]} 15. Kd2 {[%emt 0:00:43]} Qa5+ {[%emt 0:00:24]} 16. Qc3 {[%emt 0:02:17]} Qxc3+ {[%emt 0:01:37]} 17. Kxc3 {[%emt 0:00:03]} Kxe7 {[%emt 0:00:37]} 18. Rxe4+ {[%emt 0:44:48]} Kf6 {[%emt 0:11:54]} 19. Rd4 {[%emt 0:00:30]} Ke7 {[%emt 1:05:36]} 20. Re4+ {[%emt 0:00:00]} Kf6 {[%emt 0:00:00]} 21. Rd4 {[%emt 0:00:00]} Ke7 {[%emt 0:00:00]} 22. Re4+ {[%emt 0:00:00]} 1/2-1/2

[Event "7th Cattolica Open-A 2020"]
[Site "Cattolica"]
[Date "2020.09.07"]
[Round "8.10"]
[White "Colonetti, Fabio"]
[Black "Alanic, Mickael"]
[Result "0-1"]
[WhiteElo "2070"]
[BlackElo "2306"]
[Annotator "ChessBase"]
[PlyCount "126"]
[EventDate "2020.08.31"]
[EventType "swiss"]
[EventCountry "ITA"]
[SourceTitle "playchess.com"]
[Source "ChessBase"]
[SourceQuality "1"]
[TimeControl "5400+30"]

1. e4 {[%emt 0:00:00]} e5 {[%emt 0:00:05]} 2. Nf3 {[%emt 0:00:00]} Nc6 {[%emt 0:00:07]} 3. Bb5 {[%emt 0:00:06]} g6 {[%emt 0:00:32]} 4. d4 {[%emt 0:00:52]} exd4 {[%emt 0:00:25]} 5. Bg5 {[%emt 0:00:12]} Be7 {[%emt 0:00:10]} 6. Bxe7 {[%emt 0:00:07]} Qxe7 {[%emt 0:00:08]} 7. Bxc6 {[%emt 0:00:09]} dxc6 {[%emt 0:00:15]} 8. Qxd4 {[%emt 0:00:14]} Nf6 {[%emt 0:00:14]} 9. Nc3 {[%emt 0:00:14]} c5 {[%emt 0:14:58]} 10. Qe3 {[%emt 0:01:23]} Bd7 {[%emt 0:10:03]} 11. O-O-O {[%emt 0:03:11]} Bc6 {[%emt 0:04:23]} 12. Rhe1 {[%emt 0:06:36]} O-O {[%emt 0:15:02]} 13. e5 {[%emt 0:18:54]} Nd7 {[%emt 0:06:16]} 14. Nd5 {[%emt 0:15:31]} Bxd5 {[%emt 0:01:42]} 15. Rxd5 {[%emt 0:00:12]} Nb6 {[%emt 0:17:20]} 16. Rxc5 {[%emt 0:02:17]} c6 {[%emt 0:00:20]} 17. Qa3 {[%emt 0:18:31]} Rfd8 {[%emt 0:09:05]} 18. Rc3 {[%emt 0:01:12]} Qe6 {[%emt 0:01:47]} 19. Qb3 {[%emt 0:06:19]} Rd5 {[%emt 0:04:55]} 20. Rd3 {[%emt 0:02:33]} Qg4 {[%emt 0:02:13]} 21. Rxd5 {[%emt 0:04:25]} cxd5 {[%emt 0:00:08]} 22. Qe3 {[%emt 0:01:35]} Qxg2 {[%emt 0:06:17]} 23. e6 {[%emt 0:00:25]} f6 {[%emt 0:00:13]} 24. Nd4 {[%emt 0:12:45]} Re8 {[%emt 0:02:12]} 25. Qf4 {[%emt 0:01:03]} Qg5 {[%emt 0:00:50]} 26. Qxg5 {[%emt 0:00:18]} fxg5 {[%emt 0:00:05]} 27. Re5 {[%emt 0:01:03]} h6 {[%emt 0:00:27]} 28. b3 {[%emt 0:01:45]} Kg7 {[%emt 0:00:20]} 29. a4 {[%emt 0:00:44]} Kf6 {[%emt 0:00:30]} 30. Re3 {[%emt 0:00:10]} Ke7 {[%emt 0:00:48]} 31. Kd2 {[%emt 0:01:36]} Rf8 {[%emt 0:00:14]} 32. f3 {[%emt 0:00:30]} Rf4 {[%emt 0:01:34]} 33. c3 {[%emt 0:00:49]} Na8 {[%emt 0:00:37]} 34. a5 {[%emt 0:01:19]} a6 {[%emt 0:00:11]} 35. Ke2 {[%emt 0:00:00]} Nc7 {[%emt 0:00:11]} 36. Kf2 {[%emt 0:00:20]} Rf6 {[%emt 0:00:34]} 37. Rd3 {[%emt 0:00:38]} g4 {[%emt 0:02:10]} 38. Kg3 {[%emt 0:00:13]} gxf3 {[%emt 0:00:31]} 39. Nxf3 {[%emt 0:00:12]} Rxe6 {[%emt 0:00:11]} 40. Nh4 {[%emt 0:00:47]} Kd6 {[%emt 0:01:57]} 41. Ng2 {[%emt 0:00:36]} Kc5 {[%emt 0:00:00]} 42. Ne3 {[%emt 0:00:41]} Rd6 {[%emt 0:00:00]} 43. Kf4 {[%emt 0:00:00]} Rf6+ {[%emt 0:00:00]} 44. Kg3 {[%emt 0:00:00]} g5 {[%emt 0:00:00]} 45. Kg4 {[%emt 0:00:00]} Rf4+ {[%emt 0:00:00]} 46. Kg3 {[%emt 0:00:00]} h5 {[%emt 0:00:00]} 47. h3 {[%emt 0:00:00]} Re4 {[%emt 0:00:00]} 48. Nf5 {[%emt 0:00:00]} h4+ {[%emt 0:01:19]} 49. Kg2 {[%emt 0:00:00]} Ne6 {[%emt 0:00:28]} 50. b4+ {[%emt 0:00:06]} Kc4 {[%emt 0:03:13]} 51. Rf3 {[%emt 0:00:06]} Nf4+ {[%emt 0:00:00]} 52. Kf1 {[%emt 0:05:21]} Re6 {[%emt 0:00:00]} 53. Nd4 {[%emt 0:00:00]} Re5 {[%emt 0:00:00]} 54. Nc2 {[%emt 0:00:00]} Kb3 {[%emt 0:01:02]} 55. Nd4+ {[%emt 0:00:00]} Kc4 {[%emt 0:01:28]} 56. Nc2 {[%emt 0:00:00]} Nd3 {[%emt 0:00:30]} 57. Na3+ {[%emt 0:00:00]} Kxc3 {[%emt 0:00:00]} 58. Nb1+ {[%emt 0:00:13]} Kd4 {[%emt 0:00:00]} 59. Na3 {[%emt 0:00:44]} Re1+ {[%emt 0:00:00]} 60. Kg2 {[%emt 0:00:07]} Re2+ {[%emt 0:00:00]} 61. Kf1 {[%emt 0:00:30]} Ra2 {[%emt 0:00:23]} 62. Nb1 {[%emt 0:00:30]} Ra1 {[%emt 0:00:30]} 63. Ke2 {[%emt 0:00:30]} Nf4+ {[%emt 0:00:30]} 0-1

[Event "7th Cattolica Open-A 2020"]
[Site "Cattolica"]
[Date "2020.09.08"]
[Round "9.1"]
[White "Studer, Noel"]
[Black "Basso, Pier Luigi"]
[Result "1/2-1/2"]
[WhiteElo "2573"]
[BlackElo "2603"]
[Annotator "TA"]
[PlyCount "135"]
[EventDate "2020.08.31"]
[EventType "swiss"]
[EventCountry "ITA"]
[SourceTitle "playchess.com"]
[Source "ChessBase"]
[SourceQuality "1"]

{[%evp 15,135,10,11,16,38,31,30,28,27,33,20,0,26,12,21,17,0,0,0,0,0,-21,-17,-36,-28,-25,-10,-29,-8,-8,-4,-9,-11,-33,-8,-8,-8,-8,-10,-55,36,41,16,12,36,0,0,0,0,0,0,-26,-23,-25,-32,-28,0,-72,0,0,0,0,16,26,26,18,51,17,18,0,148,155,140,162,149,130,140,127,154,136,175,166,179,179,162,154,150,160,275,264,268,248,253,255,251,71,71,71,71,72,73,73,73,73,87,78,87,86,924,36,36,36,36,36,36,36,36,9,9,9,9,9]} 1. d4 d5 2. c4 c6 3. cxd5 cxd5 4. Bf4 Nc6 5. e3 Nf6 6. Nc3 Bf5 7. Nf3 e6 8. Be2 Bd6 9. Ne5 {now supersedes 9.Bxd6. D14: Slav Defence: Exchange variation with ...Bf5.} Bxe5 10. Bxe5 Nxe5 11. dxe5 {White has an edge.} Nd7 12. Qd4 a6 {[#]} 13. Rd1 $146 ({Predecessor:} 13. O-O Qb6 14. g4 Qxd4 15. exd4 Bg6 16. f4 f5 17. h4 h5 18. g5 Ke7 19. Rfc1 {½-½ (36) Merario Alarcon,A (2412)-Muzychuk,A (2539) Caleta 2020}) 13... Qb6 14. Qxb6 Nxb6 15. Rd4 Nd7 16. g4 Bg6 17. f4 h5 18. O-O hxg4 19. Bxg4 Ke7 20. Rfd1 Rad8 21. Bf3 Nb8 22. e4 $1 {[%cal Re4d5]} Nc6 23. exd5 Nxd4 24. d6+ {[%mdl 64] Discovered Attack} Kd7 25. Rxd4 Rb8 26. Na4 $1 {[%cal Ra4c5]} b6 27. Be2 Rhc8 (27... Rh4 $15) 28. Bxa6 $14 Rc1+ 29. Kf2 Rc2+ 30. Kg3 b5 $36 {[%mdl 2048] Black fights for an advantage.} 31. Rb4 $1 Bd3 32. Nc3 Kc6 33. d7 Rd8 34. Bc8 Kc5 35. a3 f6 36. h4 (36. Ne4+ $11 Bxe4 37. Rxe4) 36... Rf8 (36... f5 $1 $17) 37. exf6 gxf6 38. Ne4+ Kc6 {[#]} 39. Nxf6 $1 {[%mdl 512] Threatens to win with Rd4.} Kc7 (39... Rxf6 40. d8=Q) 40. Ne8+ Kd8 41. Nd6 Ke7 {Hoping for ...Rg8+.} 42. Nb7 Bf1 (42... Rg8+ $11 {keeps the balance.} 43. Kf3 Bc4) 43. d8=Q+ Rxd8 44. Nxd8 Rxc8 $16 {[%mdl 4096] Endgame KRB-KRN} 45. Nb7 Rc2 46. Na5 Kf6 47. h5 Kg7 48. Nb7 Rg2+ 49. Kf3 Rh2 50. Nc5 Kf7 51. Ne4 Be2+ (51... Rxh5 $16 52. Ng3 Rh3) 52. Kg3 Rxh5 53. Ng5+ $1 Kf6 {[#]} 54. Nxe6 $1 {[%mdl 512]} Rd5 (54... Kxe6 55. Re4+) 55. Rd4 $2 (55. Nc7 $18 Rc5 56. Re4) 55... Kxe6 {KRB-KR} 56. Re4+ {[%mdl 64] Double Attack} Kf5 57. Rxe2 {And now Kf3 would win. KR-KR} Rd3+ {[#]} 58. Kf2 $1 Kxf4 59. Ke1 b4 60. axb4 Rd4 61. b5 Rd5 $2 {[%mdl 8192] [#]} (61... Kf5 $16) 62. Rh2 $2 (62. b6 $1 $18 {aiming for Re8.} Rb5 63. Kd1) 62... Rxb5 $14 63. Kd1 Ke4 64. Kc2 Rb8 65. Rh5 {b4 is the strong threat.} Kd4 66. b3 Ra8 67. Kb2 Ra7 68. Rg5 {Blacks defense is rewarded with a draw. Accuracy: White = 80%, Black = 74%.} 1/2-1/2

[Event "7th Cattolica Open-A 2020"]
[Site "Cattolica"]
[Date "2020.09.08"]
[Round "9.2"]
[White "Krallis, Christos"]
[Black "David, Alberto"]
[Result "1/2-1/2"]
[WhiteElo "2402"]
[BlackElo "2520"]
[Annotator "TA"]
[PlyCount "49"]
[EventDate "2020.08.31"]
[EventType "swiss"]
[EventCountry "ITA"]
[SourceTitle "playchess.com"]
[Source "ChessBase"]
[SourceQuality "1"]

{[%evp 9,49,-2,-1,-2,-2,-2,-2,-6,-3,-14,0,-51,-38,-48,-32,-36,-19,-46,-11,-4,-1,-14,-5,-4,0,0,0,0,0,0,0,0,8,0,0,0,14,0,0,0,0,0]} 1. d4 Nf6 2. c4 e6 3. Nf3 a6 4. g3 b5 5. Nbd2 Bb7 6. Bg2 {E10: Blumenfeld Gambit.} c5 7. O-O cxd4 8. cxb5 {[#]} axb5 $146 ({Predecessor:} 8... d3 9. e3 axb5 10. Nb3 b4 11. Ne5 Bxg2 12. Kxg2 Nc6 13. Nxd3 Be7 14. Qe2 d5 {½-½ (47) Tsvetkov,A (2219)-Usmanov,V (2455) St Petersburg 2017}) 9. Nb3 Be7 10. Nbxd4 (10. Nfxd4 $11 Bxg2 11. Kxg2) 10... b4 $15 11. Bg5 O-O 12. Qd3 Na6 13. Rfc1 h6 14. Bxf6 {The position is equal.} Bxf6 15. Ng5 hxg5 16. Bxb7 {e3 is the strong threat.} Qb6 {[%mdl 64] [#] Double Attack} 17. Bxa8 {And now Nb3 would win.} Bxd4 18. Bg2 Bxb2 19. Qxd7 Bxa1 20. Rxa1 Qa5 {[#] aiming for ...b3!} 21. Qd2 Rd8 22. Qb2 Nc7 23. Rb1 Nd5 24. Bxd5 Qxd5 25. Qxb4 {Accuracy: White = 89%, Black = 93%.} 1/2-1/2

[Event "7th Cattolica Open-A 2020"]
[Site "Cattolica"]
[Date "2020.09.08"]
[Round "9.3"]
[White "Bailet, Pierre"]
[Black "Gallana, Marco"]
[Result "1-0"]
[WhiteElo "2500"]
[BlackElo "2195"]
[Annotator "TA"]
[PlyCount "85"]
[EventDate "2020.08.31"]
[EventType "swiss"]
[EventCountry "ITA"]
[SourceTitle "playchess.com"]
[Source "ChessBase"]
[SourceQuality "1"]

{[%evp 20,85,31,0,0,0,8,0,0,0,25,14,93,90,90,89,181,177,177,160,232,238,231,237,231,221,267,268,252,270,270,264,289,226,300,300,382,386,395,390,429,429,429,429,411,416,422,411,412,411,512,506,624,507,1587,499,1542,1533,1396,1366,1411,1373,1592,1570,1858,3319,1781,1962]} 1. c4 c5 2. Nc3 Nc6 3. Nf3 Nf6 4. e3 e6 5. d4 d5 6. a3 dxc4 7. Bxc4 Be7 8. O-O cxd4 9. exd4 O-O 10. Bg5 h6 11. Bh4 (11. Bf4 {seems wilder.} Bd6 12. Be5 b6 13. Re1 Bb7 14. Qe2) 11... Nh5 {E57: Nimzo-Indian: Rubinstein: Main Line: 7...Nc6 8 a3 dxc4 9 Bxc4 cxd4.} 12. Bxe7 Nxe7 13. Re1 Nf6 {The position is equal.} 14. Ne5 Bd7 15. Qb3 {[#]} Bc6 $146 {[#]} (15... Rb8 $11) ({Predecessor:} 15... Rb8 16. Rad1 b5 17. Be2 Qc7 18. Qb4 Bc6 19. Qc5 Rfc8 20. Nxc6 Nxc6 21. Nxb5 Qd7 {1-0 (52) Zubarev,A (2476)-Askarian,K (2274) Kharkov 2000}) 16. Nxf7 $1 $16 {[%mdl 576] Remove Defender} Rxf7 17. Bxe6 Ned5 (17... Qf8 $16) 18. Re5 $36 {[%mdl 2048] Black is under strong pressure.} Qb6 19. Nxd5 Bxd5 (19... Nxd5 $16 {was necessary.} 20. Bxd5 (20. Bxf7+ Kxf7 21. Rf5+ Kg8 $11) 20... Bxd5 21. Qxb6 (21. Qxd5 Qxb2 22. Rf1 Qxa3 $14) 21... axb6) 20. Qxb6 ({Less strong is} 20. Bxd5 Nxd5 21. Qxd5 Qxb2 $14) 20... axb6 21. Rxd5 ({Much less strong is} 21. Bxd5 $6 Nxd5 22. Rxd5 Rc8) 21... Nxd5 22. Bxd5 {[%mdl 4096] Endgame KRR-KRB} Rc8 23. Re1 ({Don't take} 23. Bxf7+ $6 Kxf7 24. g3 Rc2 $18) 23... Kf8 24. Bxf7 Kxf7 {KR-KR} 25. g3 Rc2 26. b3 Rd2 27. Rc1 Rd3 28. Rc7+ Kf8 29. b4 Rxa3 30. Rxb7 Rd3 31. Rxb6 Rxd4 32. Kg2 Kf7 33. Rb5 Kf6 34. h4 Rd3 35. h5 {White is clearly winning.} Rb3 36. f4 Kf7 (36... Rd3 $142 37. g4 Ke6) 37. Rb8 Kf6 (37... Rd3 $142 38. Rb7+ Kf6) 38. Kh3 Kf5 39. Rb7 Kf6 40. Kg4 Rc3 41. b5 {[%cal Bb4b5,Bb5b6][%mdl 32]} Rb3 42. b6 Rb5 43. Rb8 {Black got outplayed after the opening. Accuracy: White = 96%, Black = 41%.} 1-0

[Event "7th Cattolica Open-A 2020"]
[Site "Cattolica"]
[Date "2020.09.08"]
[Round "9.4"]
[White "Degraeve, Jean-Marc"]
[Black "Mendonca, Leon Luke"]
[Result "1-0"]
[WhiteElo "2530"]
[BlackElo "2490"]
[Annotator "TA"]
[PlyCount "59"]
[EventDate "2020.08.31"]
[EventType "swiss"]
[EventCountry "ITA"]
[SourceTitle "playchess.com"]
[Source "ChessBase"]
[SourceQuality "1"]

{[%evp 9,59,27,61,47,54,49,57,43,35,6,46,62,61,32,41,31,43,45,101,50,70,47,252,254,255,245,244,231,247,210,205,208,228,189,294,278,256,241,372,365,658,667,675,660,925,906,973,903,945,933,973,962]} 1. e4 g6 2. d4 Bg7 3. Nc3 d6 4. Be3 a6 5. h4 h6 6. h5 {B06: Modern Defence.} g5 $1 7. Qd2 b5 {[#]} 8. a4 $146 {White is slightly better.} ({Predecessor:} 8. Nge2 Bb7 9. Ng3 e6 10. O-O-O Nf6 11. f3 Nbd7 12. Kb1 Qe7 13. Bd3 Nb6 14. Nce2 {0-1 (42) Degraeve,J (2550)-Anurag,M (2492) Cappelle-la-Grande 2019}) 8... b4 9. Nd1 Nf6 10. f3 a5 11. c3 bxc3 12. bxc3 Nbd7 13. Bb5 $36 {[%mdl 2048] White is pushing.} O-O {[#]} (13... Bb7 $14) 14. Bxg5 $1 {[%mdl 512]} hxg5 $14 15. h6 {[#]} Nh7 $2 {This move loses the game for Black.} (15... Nxe4 $1 $14 {[%mdl 512]} 16. fxe4 Bf6) 16. hxg7 $18 Kxg7 17. Ne2 Rh8 18. Ne3 {[%cal Bd1e3,Be3g4,Bg4e3][%mdl 32]} Ndf8 19. Kf2 e6 20. Rh2 Ng6 21. Rah1 Bd7 (21... Nf6 {is a better defense.} 22. Rxh8 Nxh8) 22. Bxd7 Qxd7 23. Ng4 {Hoping for Rxh7+!} Qe7 (23... Nf6 $142 24. Nxf6 (24. Qxg5 Nxg4+ 25. Qxg4 Rxh2 $18) 24... Kxf6) 24. Ng3 Nf4 $2 (24... Rad8 25. d5 Ne5) 25. Nh5+ {White is clearly winning.} Nxh5 26. Rxh5 f5 27. exf5 exf5 28. Ne3 Raf8 29. Qc2 Qe6 {[#]} 30. g4 $1 {[%mdl 512] Accuracy: White = 81%, Black = 41%.} 1-0

[Event "7th Cattolica Open-A 2020"]
[Site "Cattolica"]
[Date "2020.09.08"]
[Round "9.5"]
[White "Van Foreest, Lucas"]
[Black "Bettalli, Francesco"]
[Result "1-0"]
[WhiteElo "2531"]
[BlackElo "2206"]
[Annotator "TA"]
[PlyCount "77"]
[EventDate "2020.08.31"]
[EventType "swiss"]
[EventCountry "ITA"]
[SourceTitle "playchess.com"]
[Source "ChessBase"]
[SourceQuality "1"]

{[%evp 16,77,39,20,15,11,26,19,30,34,31,31,22,32,96,86,108,60,69,76,97,89,104,102,104,108,179,125,166,134,138,112,116,129,155,143,127,142,131,133,129,125,127,116,116,108,106,102,101,100,118,115,163,160,149,152,169,157,152,161,172,172,675,676]} 1. e4 c5 2. c3 Nf6 3. e5 Nd5 4. Nf3 Nc6 5. Bc4 Nb6 6. Bb3 c4 7. Bc2 d6 8. exd6 Qxd6 9. O-O Be6 {B22: Sicilian: 2 c3.} 10. b3 g6 11. Na3 Bg7 {The position is equal.} 12. Qe2 {[%cal Rb3c4] [#]} Na5 $146 ({Predecessor:} 12... cxb3 13. axb3 O-O 14. d4 Bd5 15. Nc4 Nxc4 16. bxc4 Bxf3 17. Qxf3 Qc7 18. c5 Rfe8 {1-0 (32) Sveshnikov,E (2535)-Kveinys,A (2530) Budapest 1996}) 13. Nb5 Qd7 $1 {[%cal Rd7b5]} 14. Nbd4 Bd5 ({Black should try} 14... Bg4 $1 $14) 15. Ba3 $36 {[%mdl 2048] White is really pushing.} Bf6 16. Rfe1 O-O 17. Ne5 $1 {[%cal Re5d7]} Qc8 18. Bb4 cxb3 19. axb3 Nc6 20. Ndxc6 bxc6 (20... Bxc6 $16 21. Nxc6 bxc6) 21. d4 (21. c4 $18) 21... Be6 22. Bc5 Qc7 23. Qf3 Rfc8 24. Qg3 Rcb8 25. Ng4 Qxg3 26. Nxf6+ exf6 27. hxg3 a5 28. Ra3 Nd5 29. c4 Nb4 30. Be4 f5 31. Bxb4 fxe4 32. Bxa5 Rb7 33. Rxe4 Rba7 34. Re5 Rd7 35. Rc5 Rxd4 36. Rxc6 Rd1+ 37. Kh2 Rd3 {[#]} 38. Rb6 $1 Bxc4 $2 (38... h5 39. Bc3 Re8) 39. Bc3 $1 {Accuracy: White = 88%, Black = 66%.} 1-0